书目信息 |
| 题名: |
数学制图实习材料
|
|
| 作者: | M·J·索洛耶夫 著 | |
| 分册: | ||
| 出版信息: | 北京 高等教育出版社 1955.09 |
|
| 页数: | 211页 | |
| 开本: | 20cm | |
| 丛书名: | ||
| 单 册: | ||
| 中图分类: | P282 | |
| 科图分类: | ||
| 主题词: | 地图学 | |
| 电子资源: | ||
| ISBN: | ||
| 000 | 00556nam0 2200193 450 | |
| 001 | 0640092023 | |
| 005 | 20060818162441.29 | |
| 010 | @dCNY0.80 | |
| 100 | @a20060731d1955 km y0chiy0120 ea | |
| 101 | 0 | @achi |
| 102 | @aCN@b110000 | |
| 200 | 1 | @a数学制图实习材料@Ashu xue zhi tu shi xi cai liao@fM·J·索洛耶夫 著@FM·J·suo luo ye fu zhu |
| 210 | @a北京@c高等教育出版社@d1955.09 | |
| 215 | @a211页@d20cm | |
| 606 | 0 | @a地图学 |
| 690 | @aP282@v3 | |
| 701 | 0 | @aM·J·索洛耶夫@AM·J·suo luo ye fu@4著 |
| 801 | 0 | @aCN@bPFT@c20060818 |
| 905 | @a10447@dP282@e112 | |
| 数学制图实习材料/M·J·索洛耶夫 著.-北京:高等教育出版社,1955.09 |
| 211页;20cm |
| ISBN :CNY0.80 |
| ● |
| 相关链接 |
|
|
|
|
正题名:数学制图实习材料
索取号:P282/112
 
预约/预借
| 序号 | 登录号 | 条形码 | 馆藏地/架位号 | 状态 | 备注 |
| 1 | 0439131 | 204391318 | 密集书库/ [索取号:P282/112] | 在馆 | |
| 2 | 0458824 | 204588240 | 密集书库/ [索取号:P282/112] | 在馆 |